1500 1243 1945 1045 1952 1761 1648 1944 1445 1015 1814 1071 1311 1683 1493 1489 1175 1445 1239 1634 1800 1932 1954 1506 1446 1072 1528 1264 1143 1807 1272 1629 1027 1567 1565 1456 1594 1813 1264 1946 1840 1970 1161 1207 1181 1941 1310 1901 1644 1604 1667 1574 1448 1808 1705 1422 1772 1913 1627 1237 1135 1262 1747 1784 1630 1600 1448 1558 1560 1608 1119 1810 1422 1824 1844 1857 1238 1426 1281 1376 1598 1208 1149 1943 1132 1975 1581 1143 1508 1052 1028 1331 1028 1252 1967 1221 1604 1611 1196 BCNSPRNW ULIB Ver.6.0+V

เปลี่ยนเป็นภาษาไทย

Change to English
 แสดงรายละเอียดบรรณานุกรม
  กลับหน้าหลัก

Brief Record : Get Marc (ISO 2709) : E-mail record : QR code < ปิดหน้าต่าง
LEADER : 00000nas 2200000uu 4500
001    13399127759
003     ULIB
008    210630s2564||||th 000 0 tha d
022 0  ^a27739031
245 00 ^aวารสารการวิจัยการพยาบาลและการสาธารณสุข = Journal of Nursing and Public Health Research/^c;วิทยาลัยพยาบาลบรมราชชนนี เชียงใหม่
310    ^aรายสี่เดือน
850 ^a ULIB^bปีที่ 1 ฉบับที่ 1 ฉ.1
945    ^p0^l0^i905762
999    ^aประนอม เกษจรัล
รายการนี้ยังไม่มีแท็ก
คุณยังไม่ได้ล็อกอิน คุณสามารถมีกิจกรรมร่วมกับเว็บไซต์ได้ แต่ต้องล็อกอินก่อน ::
  ล็อกอิน

รายการสื่อสารสนเทศ (วารสาร)

ดูแบบ: กล่อง รายการ
ARRIVED
ปีที่ 1 ฉบับที่ 1 ฉ.1
สถานที่: ห้องสมุดวิทยาเขตสวรรค์ประชารักษ์ >วารสาร

BibComment


ยังไม่เคยถูกคอมเมนท์

คอมเมนท์ทรัพยากรรายการนี้
  คอมเมนท์: วารสารการวิจัยกา..


 Copyright 2026. Bcnsprnw @Library